000 00440nam a2200109Ia 4500
008 160909s9999 xx 000 0 und d
100 _aMadithati, Roopesh Kumar Reddy
245 _aLocalization of spoofing attackers by using spatial correlation of received signal strength
260 _bCalifornia State University, Long Beach.
_c2016
650 _aInformation Technology
856 _uhttp://pqdtopen.proquest.com/doc/1762237552.html?FMT=ABS
999 _c303824
_d303824